Understanding voltammetry simulation of electrode processes

Gespeichert in:
Bibliographische Detailangaben
Hauptverfasser: Compton, R. G., Laborda, Eduardo 1983- (Verfasst von), Ward, Kristopher R. (Verfasst von)
Format: Buch
Sprache:Englisch
Veröffentlicht: London Imperial College Press 2014
Schlagworte:
Online-Zugang:Im OPAC anzeigen
Tags: Tag hinzufügen
Keine Tags, Fügen Sie das erste Tag hinzu!

MARC

LEADER 00000cam a2200000 i 4500
005 20260127134048.0
008 150618s2014 enka b 001 0 eng
010 |a 2013-040625 
020 |a 9781783263233 (hardcover : alk. paper) 
035 |a vtls010686853 
039 9 |a 202003161556  |b msnk162  |c 201506180944  |d mschk03  |y 201506180943  |z mschk03 
040 |a DLC  |b eng  |c DLC  |d STUSCHK1  |e rda 
042 |a pcc 
082 0 0 |a 541/.37  |2 23 
100 1 |a Compton, R. G. 
245 1 0 |a Understanding voltammetry  |b simulation of electrode processes  |c Richard G. Compton, Oxford University, UK ; Eduardo Laborda, Oxford University, UK & University of Murcia, Spain ; Kristopher R. Ward, Oxford University, UK 
264 1 |a London  |b Imperial College Press  |c 2014 
300 |a ix, 249 p.  |b ilustr.  |c 24 cm 
336 |a text  |2 rdacontent 
337 |a unmediated  |2 rdamedia 
338 |a volume  |2 rdacarrier 
504 |a Includes bibliographical references and index 
650 0 |a Voltammetry  |2 SNKPHeng 
650 0 |a Electrochemistry  |2 SNKPHeng 
655 7 |a Textbooks  |2 SNKPHeng 
700 1 |a Laborda, Eduardo  |4 aut  |d 1983- 
700 1 |a Ward, Kristopher R.  |4 aut 
906 |a 7  |b cbc  |c orignew  |d 1  |e ecip  |f 20  |g y-gencatlg 
910 |a SCHK95 
919 |a 978-1-78326-323-3 
925 0 |a acquire  |b 1 shelf copy  |x policy default 
955 |w xl03 2013-10-18  |f xk02 2014-03-22, c. 1 to CALM (CompT.) 
999 |c 3203  |d 3203